लोक और लोक का स्वर / (Record no. 65694)

MARC details
000 -LEADER
fixed length control field 01204nam a22002417a 4500
005 - DATE AND TIME OF LATEST TRANSACTION
control field 20090304125614.0
010 ## - LCCN (DPL NO)
LC control number
020 ## - INTERNATIONAL STANDARD BOOK NUMBER
Terms of availability 125.00
International Standard Book Number 8173153086
035 ## - SYSTEM CONTROL NUMBER
System control number
035 ## - SYSTEM CONTROL NUMBER
System control number A-995259
037 ## - SOURCE OF ACQUISITION
Source of stock number/acquisition DBAD / PUB
037 ## - SOURCE OF ACQUISITION
Source of stock number/acquisition प्रभात प्रकाशन/ PUB
082 ## - DEWEY DECIMAL CLASSIFICATION NUMBER
Classification number 398.2
100 ## - MAIN ENTRY--PERSONAL NAME
Personal name मिश्र, विद्यानिवास
245 ## - TITLE STATEMENT
Title लोक और लोक का स्वर /
Statement of responsibility, etc विद्यानिवास मिश्र
246 ## - VARYING FORM OF TITLE
Title proper/short title Loka aura loka kaa swara
Remainder of title by Vidyaniwas Mishra
260 ## - PUBLICATION, DISTRIBUTION, ETC. (IMPRINT)
Place of publication, distribution, etc दिल्ली
Name of publisher, distributor, etc प्रभात प्रकाशन
Date of publication, distribution, etc 2000
270 ## - ADDRESS
Address 4/19, आसफ अली रोड़,
City नई दिल्ली
Postal code 110 002
300 ## - PHYSICAL DESCRIPTION
Extent 124पृ..
Dimensions 22सेमी (सजिल्द)
942 ## - ADDED ENTRY ELEMENTS (KOHA)
Source of classification or shelving scheme Dewey Decimal Classification
Item type Hindi Books
Call number suffix मिश्रवि
Classification part 398.2
Holdings
Withdrawn status Lost status Not for loan Collection code Home library Current library Date acquired Cost, normal purchase price Full call number Barcode Cost, replacement price Koha item type
      Non-fiction Sarojini Nagar Sarojini Nagar 26/04/2012 125.00 398.2 मिश्रवि A-995259 125.00 Hindi Books

© Delhi Public Library
Hit Counter
free hit counter